Normal view
MARC view
- Cossins, Noel
Entry Personal Name
001 - CONTROL NUMBER
- control field: 26322
003 - CONTROL NUMBER IDENTIFIER
- control field: NUST
005 - DATE AND TIME OF LATEST TRANSACTION
- control field: 20191130104208.0
008 - FIXED-LENGTH DATA ELEMENTS
- fixed length control field: 191130|| aca||aabn | a|a d
040 ## - CATALOGING SOURCE
- Original cataloging agency: NUST
- Transcribing agency: NUST
100 ## - HEADING--PERSONAL NAME
- Personal name: Cossins, Noel
670 ## - SOURCE DATA FOUND
- Source citation: Work cat.: (NUST): Cossins, Noel, The man in the Hat /, 2013.
